00442nam a2200157Ia 4500003000400000005001700004008004100021020001500062040000900077082001900086100002100105245006100126260005900187300001000246650002800256OSt20201218132340.0190216s9999||||xx |||||||||||||| ||und|| a0877794464 coclc a910.321bWEB/W aWebster, Merriam 0aWebster`s New Geographical Dictionary /cMerriam Webster bMerriam-Webster Inc Publishers,c1984.aMassachusetts: a1376p aDictionary Of Geography